000
00235nam a2200085Ia 4500
008
120527s9999 xx 000 0 und d
100
_a
ZIKMUND, Amco
245
_a
Marketing creating and keeping customers in an ecomerce world
942
_c
BK
999
_c
25470
_d
25470